| 000 | 00542nam a2200145Ia 4500 | ||
|---|---|---|---|
| 008 | 170221s9999 xx 000 0 und d | ||
| 100 | _aKim, Sohyung. | ||
| 245 | 3 | _aAn empirical evaluation of fair value accounting numbers: evidence from goodwill accounting | |
| 245 | _cSohyung Kim, Brock University; Sung Wook Yoon, California State University, Northridge. | ||
| 260 | _bJournal of Management and Marketing Research | ||
| 260 | _c2012 | ||
| 300 | _a32 : 4 | ||
| 650 | _xBusiness | ||
| 856 | _uhttp://www.aabri.com/manuscripts/121154.pdf | ||
| 999 |
_c311216 _d311216 |
||